Philosophy and education / (Record no. 128139)
[ view plain ]
| 000 -LEADER | |
|---|---|
| fixed length control field | 01444cam a2200409 i 4500 |
| 001 - CONTROL NUMBER | |
| control field | 18597237 |
| 003 - CONTROL NUMBER IDENTIFIER | |
| control field | ARRUPE |
| 005 - DATE AND TIME OF LATEST TRANSACTION | |
| control field | 20180912115700.0 |
| 008 - FIXED-LENGTH DATA ELEMENTS--GENERAL INFORMATION | |
| fixed length control field | 141103s2014 ii b 001 0 eng d |
| 010 ## - LIBRARY OF CONGRESS CONTROL NUMBER | |
| LC control number | 2015306738 |
| 015 ## - NATIONAL BIBLIOGRAPHY NUMBER | |
| National bibliography number | GBB4C9446 |
| Source | bnb |
| 016 7# - NATIONAL BIBLIOGRAPHIC AGENCY CONTROL NUMBER | |
| Record control number | 016945871 |
| Source | Uk |
| 020 ## - INTERNATIONAL STANDARD BOOK NUMBER | |
| International Standard Book Number | 9780199452767 (pbk.) |
| 020 ## - INTERNATIONAL STANDARD BOOK NUMBER | |
| International Standard Book Number | 0199452768 (pbk.) |
| 025 ## - OVERSEAS ACQUISITION NUMBER | |
| Overseas acquisition number | I-E-2015306738 |
| 035 ## - SYSTEM CONTROL NUMBER | |
| System control number | (OCoLC)ocn895112465 |
| 035 ## - SYSTEM CONTROL NUMBER | |
| System control number | (OCoLC)895112465 |
| Canceled/invalid control number | (OCoLC)893017960 |
| 037 ## - SOURCE OF ACQUISITION | |
| Source of stock number/acquisition | Library of Congress -- New Delhi Overseas Office |
| 040 ## - CATALOGING SOURCE | |
| Original cataloging agency | DKAGE |
| Language of cataloging | eng |
| Transcribing agency | DKAGE |
| Description conventions | rda |
| Modifying agency | YDXCP |
| -- | BTCTA |
| -- | UKMGB |
| -- | OCLCF |
| -- | DLC |
| 042 ## - AUTHENTICATION CODE | |
| Authentication code | lccopycat |
| -- | lcode |
| 043 ## - GEOGRAPHIC AREA CODE | |
| Geographic area code | a-ii--- |
| 050 00 - LIBRARY OF CONGRESS CALL NUMBER | |
| Classification number | LB14.7 |
| Item number | .M56 2014 |
| 082 04 - DEWEY DECIMAL CLASSIFICATION NUMBER | |
| Classification number | 370.1 |
| Edition number | 23 |
| 300 ## - PHYSICAL DESCRIPTION | |
| Dimensions | 22 cm |
| 100 1# - MAIN ENTRY--PERSONAL NAME | |
| Personal name | Miri, Mrinal, |
| Relator term | author. |
| 9 (RLIN) | 42102 |
| 245 10 - TITLE STATEMENT | |
| Title | Philosophy and education / |
| Statement of responsibility, etc | Mrinal Miri. |
| 250 ## - EDITION STATEMENT | |
| Edition statement | First edition. |
| 260 ## - PUBLICATION, DISTRIBUTION, ETC. (IMPRINT) | |
| Place of publication, distribution, etc | New Dehli |
| Name of publisher, distributor, etc | Oxford University Press |
| Date of publication, distribution, etc | 2014 |
| 300 ## - PHYSICAL DESCRIPTION | |
| Extent | xiii, 175 pages, 1 unnumbered page ; |
| 504 ## - BIBLIOGRAPHY, ETC. NOTE | |
| Bibliography, etc | Includes bibliographical references and index. |
| 650 #0 - SUBJECT ADDED ENTRY--TOPICAL TERM | |
| Topical term or geographic name as entry element | Education, Higher |
| Geographic subdivision | India |
| General subdivision | Philosophy. |
| 9 (RLIN) | 42103 |
| 650 #0 - SUBJECT ADDED ENTRY--TOPICAL TERM | |
| Topical term or geographic name as entry element | Education |
| Geographic subdivision | India |
| General subdivision | Philosophy. |
| 9 (RLIN) | 42104 |
| 906 ## - LOCAL DATA ELEMENT F, LDF (RLIN) | |
| a | 7 |
| b | cbc |
| c | copycat |
| d | 3 |
| e | ncip |
| f | 20 |
| g | y-gencatlg |
| 942 ## - ADDED ENTRY ELEMENTS (KOHA) | |
| Source of classification or shelving scheme | Library of Congress Classification |
| Koha item type | Monograph ( Printed materials) |
| Withdrawn status | Lost status | Source of classification or shelving scheme | Damaged status | Not for loan | Home library | Current library | Date acquired | Total Checkouts | Full call number | Barcode | Date last seen | Date checked out | Price effective from | Koha item type |
|---|---|---|---|---|---|---|---|---|---|---|---|---|---|---|
| Library of Congress Classification | ARRUPE LIBRARY | ARRUPE LIBRARY | 12/09/2018 | 1 | LB14.7 .M56 2014 | 46600002031 | 13/09/2018 | 13/09/2018 | 12/09/2018 | Monograph ( Printed materials) |